000 00657nam a2200217 i 4500
001 185838
003 ES-MaACL
005 20250905131225.0
008 160816s1984 sp |||| | spa d
020 _a84-7222-167-9
245 0 0 _aTeatro europeo de los años 80 /
_cAngel Berenguer ... [et al.].
250 _a1ª ed.
260 _aBarcelona :
_bLaia,
_c1984.
300 _a197 p. ;
_c20 cm.
490 1 _aDivergencias
650 4 _aTeatro europeo-
_yS.XX-
_xHistoria y crítica.
_9160480
700 1 _aBerenguer, Ángel,
_d1943-
_927879
830 0 _aDivergencias
_9225285
852 _aES-MaACL
_jL-11272
999 _c185838
_d185838